LILA MY LOVELY (Record no. 368357)

MARC details
000 -LEADER
fixed length control field 00359nam a2200157Ia 4500
008 - FIXED-LENGTH DATA ELEMENTS--GENERAL INFORMATION
fixed length control field 100122s9999 xx 000 0 und d
082 ## - DEWEY DECIMAL CLASSIFICATION NUMBER
Item number 26998
Classification number 823
100 ## - MAIN ENTRY--PERSONAL NAME
Personal name DEAN DUDLEY
245 ## - TITLE STATEMENT
Title LILA MY LOVELY
250 ## - EDITION STATEMENT
Edition statement 0
260 ## - PUBLICATION, DISTRIBUTION, ETC. (IMPRINT)
Name of publisher, distributor, etc FAWCETT PUBLICATION
Date of publication, distribution, etc 1960
300 ## - PHYSICAL DESCRIPTION
Extent 220
630 ## - SUBJECT ADDED ENTRY--UNIFORM TITLE
Uniform title LILA MY LOVELY
730 ## - ADDED ENTRY--UNIFORM TITLE
Uniform title LILA MY LOVELY
942 ## - ADDED ENTRY ELEMENTS (KOHA)
Koha item type Book
Holdings
Withdrawn status Lost status Damaged status Not for loan Home library Current library Date acquired Cost, normal purchase price Total Checkouts Full call number Barcode Date last seen Cost, replacement price Price effective from Koha item type Public note
        S.V. Pathak Library, Vile Parle S.V. Pathak Library, Vile Parle 10/22/1978 5.00   26998 SVPPARLE-26998 01/25/2010 5.00 01/25/2010 Book "BUNDLE-L, , General, NA"